000 00436nam a2200169Ia 4500
008 230524s9999 xx 000 0 und d
020 _a9788173714610
082 _a620.4021
_bRAO
100 _aY V C Rao
245 3 _aAn Introduction to Thermodynamics Rev ed.
250 _a1
260 _aHyderabad
_bUniversities Press
_c2012
300 _axiii;474p.
500 _aQuantity Number: 10
650 _aThermodynamics
942 _cBK
999 _c52424
_d52424